LEADER 00872cam0 2200277 450 001 E600200006071 005 20210729103543.0 100 $a20041016d1980 |||||ita|0103 ba 101 $aeng 102 $aGB 200 1 $aWilliam Shakespeare$eJulius Caesar$fNotes by Seán Lucy 210 $aBeirut$cYork Press$d1980 215 $a94 p.$d20 cm 225 2 $aYork notes 300 $adono A. Corrado 410 1$1001LAEC00020237$12001 $a*York notes 700 1$aLucy$b, Seán$3A600200028436$4070$0196545 801 0$aIT$bUNISOB$c20210729$gRICA 850 $aUNISOB 852 $aUNISOB$j820$m120297 912 $aE600200006071 940 $aM 102 Monografia moderna SBN 941 $aM 957 $a820$b002458$gSi$d120297$rdono Corrado$1catenacci$2UNISOB$3UNISOB$420041016090648.0$520150604083421.0$6Alfano 996 $aWilliam Shakespeare$91674746 997 $aUNISOB